000 00506nam a2200205Ia 4500
003 OSt
005 20230429123158.0
008 210423s2001 xx 000 0 und d
040 _cAL
041 _aeng
082 _a574.5 SHAR
100 _aSHAANKER (R Uma).
_995335
245 _aForest genetic resourses.
260 _aNew Delhi
_bOxford University Press
_c2001
300 _axii,317
365 _cINR
650 _aEcology
_995336
906 _aForset ; genetic ; resourses.
942 _2ddc
_cBK
999 _c162813
_d162813